=LDR 00000nam 2200000 4500 =001 INLIS000000000045228 =005 20201023083416 =035 ##$$a 0010-011500000000054 =008 201023###########################0###### =020 ##$$a 979-24-5665-1 =082 ##$$a 304.03-Ens-e =100 ##$$a Tim Jembar =245 1#$$a Ensiklopedi bergambar : Ekologi =260 ##$:$b Jembar Publishing =300 ##$$a 96 Hlm ; $c 23 Cm =850 ##$$aNBPNMAT =990 ##$$a 0001/BPAP-NTB/20142015